000 00559nam a2200229 4500
005 20260323133004.0
006 000
007 000
008 000
020 _a0901348473
040 _aUOEL
050 _aSD434
_b.B76 1978 V.5
100 _aBrown, W. H.
245 _aTimbers of Philippines and Japan /
_cPrepared by W. H. Brown
260 _aEngland :
_bTimber Research and Development Association,
_cc1978.
300 _a82 p.
440 _aTimbers of the World
500 _aIncludes index
505 _aV.5
650 _aTimber
942 _2lcc
_cBK
999 _c11234
_d11234